000 00550nam a2200157Ia 4500
005 20241024025855.0
008 240331s9999 xx 000 0 und d
020 _a9555800502
082 _bCHA
_a822
100 _aChandrasekaram, V
245 0 _aForbidden area :
_bA play
260 _aColombo
_bRajah & Sundram Publishers
_c2000
300 _a41 p .,
500 _a"Forbidden Area" was originally written in Sinhala Language as " Thahanam Adaviya" by Visakesa Chandrasekaram, then produced and performed in Colombo in November 1997.
942 _cL
999 _c3354
_d3354